Statistiken für Deutsche Teilnehmer beim ESC Eurovision Song Contest Seit 2000

Klicken Sie hier um das Quiz zu spielen!

Allgemein

  • Dieses Quiz wurde 464 mal gespielt
  • Das Durchschnittsergebnis liegt bei 9 aus 23

Antwortstatistiken

JahrPlatzierungSongTeilnehmer% Korrekt
201110 / 25Taken by a StrangerLena
99%
20101 / 25SatelliteLena
99%
20005 / 24Wadde hadde dudde da?Stefan Raab
89%
20184 / 26You Let Me Walk AloneMichael Schulte
63%
202326 / 26Blood & GlitterLord of the Lost
44%
202225 / 25RockstarsMalik Harris
42%
201321 / 26GloriousCascada
40%
201925 / 26SisterS!sters
39%
200615 / 24No No NeverTexas Lightning
39%
200719 / 24Frauen regier’n die WeltRoger Cicero
38%
20048 / 24Can’t Wait Until TonightMax Mutzke
37%
201626 / 26GhostJamie-Lee⁠
36%
20128 / 26Standing StillRoman Lob
36%
200823 / 25DisappearNo Angels
34%
20018 / 23Wer Liebe lebtMichelle
29%
202125 / 26I Don't Feel HateJendrik
28%
201527 / 27Black SmokeAnn Sophie
22%
201418 / 26Is It RightElaiza
22%
201725 / 26Perfect LifeLevina
15%
200221 / 24I Can’t Live Without MusicCorinna May
12%
200524 / 24Run & HideGracia
12%
200312 / 26Let’s Get HappyLou
12%
200920 / 25Miss Kiss Kiss BangAlex Swings Oscar Sings!
11%

Verteilung der Resultate

Perzentil nach korrekt beantworteten Fragen

Anzahl Personen mit jedem Resultat

Ihre Resultats-Entwicklung

Sie haben dieses Quiz noch nicht gespielt